000 01192nam a22002777a 4500
005 20240305165426.0
007 cr|||| ||||
008 140917s2014 es |||||s|||| 00||0 spa d
020 _a978-84-942385-2-9
035 _a12377
040 _avLex
090 _c5158
_d5158
100 1 _aLorenzo-Rego, Irene
245 1 3 _aEl concepto de familia en Derecho español:
_h[Recurso electrónico] :
_bUn estudio interdisciplinar /
_cIrene Lorenzo-Rego
256 _aServicio en línea
260 _aBarcelona:
_bJ.M. Bosch Editor,
_c2014
300 _a1 recurso electrónico
506 1 _aDisponible solo en los productos indicados
_dvLex Global
_dvLex Global (Academic Edition, excluding Law Schools)
_dvLex Global (U.S. Academic Edition, Law Schools)
_dvLex Global (U.S. Academic Edition, excluding Law Schools)
_dvLex Global (Academic Edition, Law Schools)
650 0 4 _aFamilia y Sucesiones
_zEspaña
650 0 4 _aDerecho Penal
_zEspaña
650 0 4 _aDerecho Laboral y Seguridad Social
_zEspaña
650 0 4 _aDerecho Fiscal
_zEspaña
740 0 _avLex Libros (Servicio en línea)
856 4 0 _uhttps://app.vlex.com/#/sources/concepto-familia-derecho-espa-ol-12377
942 _cRAA
999 _c163505
_d163505